| 000 | 00350nam a2200133Ia 4500 | ||
|---|---|---|---|
| 008 | 240624s9999 xx 000 0 und d | ||
| 041 | _aeng | ||
| 082 | _a828 MEN | ||
| 100 | _aIYENGAR B K S | ||
| 245 | _aLIGHT ON YOGA THE CLASSIC GUIDE TO YOGA | ||
| 260 |
_c2013 _aNew Delhi _bHarperCollins India |
||
| 300 | _a544 : p. : cm. ; 19 | ||
| 365 |
_cRS _b25 |
||
| 999 |
_c23853 _d23853 |
||